000 00704nam a2200289Ia 4500
005 20260324131038.0
008 008 260324s9999 xx 000 0 eng d
020 _a9780203581063
037 _aEBOOK
040 _aCRL
040 _beng
040 _cCRL
041 _2eng
041 _aeng
084 _qCRL
100 _aBulent Gokay
_91184011
245 0 _aSoviet Eastern Policy and Turkey, 1920-1991
245 0 _bSoviet Foreign Policy, Turkey and Communism
260 _bTaylor and Francis
260 _c2006
365 _a
365 _b290
856 _uhttp://www.taylorfrancis.com/books/9780203581063
942 _cEBOOK
999 _c1780823
_d1780823